Trikotsponsoren von Borussia Dortmund - Statistiken

Allgemein
  • Dieses Quiz wurde 308 mal gespielt
    101 seit der letzten Aktualisierung
  • Das Durchschnittsergebnis liegt bei 5 aus 11
Antwortstatistiken
Jahre Sponsor % Korrekt
2020-2025*nur in der Bundesliga 1&1(Telekommunikationsunternehmen)
91%
2006-*seit 2020 nicht mehr in der Bundesliga Evonik(Industriekonzern)
85%
seit 2025 Vodafone
72%
1999-2005 E.ON(Energiekonzern)
57%
1986-1997 Continentale(Versicherung)
47%
1980-1983 UHU (Klebstoff)
42%
1997-1999 s.Oliver (Mode)
25%
1976-1978 Samson Tabak(Zigarettenindustrie)
20%
1974-1976 Stadt Dortmund
8%
1978-1980 Prestolith(Lacke und Spachtelmassen)
5%
1983-1986 Arctic (Speiseeis)
4%
Keine übereinstimmenden Quizze gefunden
Verteilung der Resultate
Anzahl Personen mit jedem Resultat
Perzentil nach korrekt beantworteten Fragen
Ihre Resultats-Entwicklung
Sie haben dieses Quiz seit der letzten Aktualisierung nicht gespielt